| Tag |
First Indicator |
Second Indicator |
Subfields |
| LEADER |
00000cam a22000001a 4500 |
| 001 |
in00004100643 |
| 005 |
20200117091333.0 |
| 006 |
m d f |
| 007 |
cr bn mmmapmmp |
| 008 |
100630s2010 dcu ob f000 0 eng d |
| 035 |
|
|
|a chdc201001076
|
| 040 |
|
|
|a UMI
|c UMI
|d UtOrBLW
|
| 042 |
|
|
|a pcc
|
| 043 |
|
|
|a n-us---
|
| 074 |
|
|
|a 1035-C
|
| 086 |
0 |
|
|a Y 4.B 22/3:S.HRG.111-248
|
| 110 |
1 |
|
|a United States.
|b Congress.
|b Senate.
|b Committee on Banking, Housing, and Urban Affairs.
|b Subcommittee on Securities, Insurance, and Investment.
|0 http://id.loc.gov/authorities/names/no2009196483
|
| 245 |
1 |
0 |
|a Over-the-counter derivatives :
|b modernizing oversight to increase transparency and reduce risks : hearing before the Subcommittee on Securities, Insurance, and Investment of the Committee on Banking, Housing, and Urban Affairs, United States Senate, One Hundred Eleventh Congress, first session, on modernizing the regulation of the over-the-counter derivatives markets and the institutions that participate in these markets, June 22, 2009.
|
| 246 |
3 |
|
|a Over the counter derivatives
|
| 264 |
|
1 |
|a Washington :
|b U.S. G.P.O.,
|c 2010.
|
| 264 |
|
2 |
|a Washington :
|b For sale by the Supt. of Docs., U.S. G.P.O.
|
| 300 |
|
|
|a iii, 189 pages, digital, PDF file.
|
| 336 |
|
|
|a text
|b txt
|2 rdacontent
|
| 337 |
|
|
|a computer
|b c
|2 rdamedia
|
| 338 |
|
|
|a online resource
|b cr
|2 rdacarrier
|
| 490 |
1 |
|
|a S. hrg. ;
|v 111-248
|
| 500 |
|
|
|a Shipping list number: 2010-0139-P.
|
| 504 |
|
|
|a Includes bibliographical references.
|
| 500 |
|
|
|a Record is based on bibliographic data in ProQuest Congressional Hearings Digital Collection. Reuse except for individual research requires license from ProQuest, LLC.
|
| 500 |
|
|
|a Electronic resource.
|
| 533 |
|
|
|a Electronic reproduction.
|b [Bethesda, Md.] :
|c ProQuest,
|d 2010.
|e digital, PDF file.
|n ProQuest U.S. Congressional Hearings Digital Collection.
|n Mode of access: World Wide Web via ProQuest website.
|
| 538 |
|
|
|a System requirements: PDF reader software.
|
| 650 |
|
0 |
|a Derivative securities
|z United States.
|0 http://id.loc.gov/authorities/subjects/sh2009123215
|
| 650 |
|
0 |
|a Over-the-counter markets
|z United States.
|0 http://id.loc.gov/authorities/subjects/sh2010104662
|
| 650 |
|
0 |
|a Securities industry
|x State supervision.
|
| 650 |
|
0 |
|a Financial risk management
|z United States.
|
| 776 |
0 |
8 |
|i Print version:
|a United States. Congress. Senate. Committee on Banking, Housing, and Urban Affairs. Subcommittee on Securities, Insurance, and Investment.
|t Over-the-counter derivatives
|w 9780160852732
|w 0160852730
|w (OCoLC)551182071
|z 2010443581
|
| 776 |
0 |
8 |
|i Microfiche version:
|a United States. Congress. Senate. Committee on Banking, Housing, and Urban Affairs. Subcommittee on Securities, Insurance, and Investment.
|t Over-the-counter derivatives
|d [Bethesda, Md.] : ProQuest,[2010]
|o CIS 2010 S241-61
|w (ProQuest)cis01002772
|
| 810 |
1 |
|
|a United States.
|b Congress.
|b Senate.
|t S. hrg. ;
|v 111-248.
|0 http://id.loc.gov/authorities/names/n83707917
|
| 856 |
4 |
0 |
|u http://proxy.library.tamu.edu/login?url=http://search.proquest.com/congcomp/getdoc?HEARING-ID=HRG-2009-BHU-0034
|y Electronic resource (PDF)
|t 0
|
| 998 |
|
|
|a cis01002772
|
| 999 |
f |
f |
|s 675b00da-f5f5-32fe-8095-1645ddadcffc
|i 7115206f-385f-3acf-a544-0111ab6df504
|t 0
|
| 952 |
f |
f |
|a Texas A&M University
|b College Station
|c Electronic Resources
|d Available Online
|t 0
|e Y 4.B 22/3:S.HRG.111-248
|h Superintendent of Documents classification
|
| 998 |
f |
f |
|a Y 4.B 22/3:S.HRG.111-248
|t 0
|l Available Online
|